Gender related issues (course material) (Record no. 487705)

000 -LEADER
fixed length control field 00648cam a22001697a 4500
008 - FIXED-LENGTH DATA ELEMENTS--GENERAL INFORMATION
fixed length control field 180718b1999 xxu||||| |||| 00| 0 eng d
082 ## - DEWEY DECIMAL CLASSIFICATION NUMBER
Classification number B142x54 P96
100 ## - MAIN ENTRY--PERSONAL NAME
Personal name Public services M.B.A. induction module: India-U.K. context (August-September, 1999: Indian Institute of Public Administration, New Delhi)
245 ## - TITLE STATEMENT
Title Gender related issues (course material)
260 ## - PUBLICATION, DISTRIBUTION, ETC.
Place of publication, distribution, etc. New Delhi
Name of publisher, distributor, etc. Indian Institute of Public Administration
Date of publication, distribution, etc. 1999
300 ## - PHYSICAL DESCRIPTION
Extent v.p.
650 ## - SUBJECT ADDED ENTRY--TOPICAL TERM
Topical term or geographic name entry element Poverty - India
650 ## - SUBJECT ADDED ENTRY--TOPICAL TERM
Topical term or geographic name entry element India - Economic conditions
650 ## - SUBJECT ADDED ENTRY--TOPICAL TERM
Topical term or geographic name entry element Sex differences
650 ## - SUBJECT ADDED ENTRY--TOPICAL TERM
Topical term or geographic name entry element Women in development - India
650 ## - SUBJECT ADDED ENTRY--TOPICAL TERM
Topical term or geographic name entry element Women - Health and hygiene - India
Holdings
Withdrawn status Lost status Damaged status Not for loan Permanent Location Current Location Date acquired Full call number Barcode Date last seen Price effective from Koha item type
        Indian Institute of Public Administration Indian Institute of Public Administration 2018-08-04 B142x54 P96 GR15016 2018-08-04 2018-08-04 GR
        Indian Institute of Public Administration Indian Institute of Public Administration 2018-08-04 B142x54 P96 GR15015 2018-08-04 2018-08-04 GR

Powered by Koha